Playstation All-Stars Battle Royale Characters - Statistics

General Stats
  • This quiz has been taken 12 times
  • The average score is 17 of 24
Answer Stats
Series Character % Correct
God Of War Kratos
100%
BioShock Big Daddy
88%
InFamous Cole MacGrath
88%
InFamous Evil Cole MacGrath
88%
Jak And Daxter Jak And Daxter
88%
PaRappa The Rapper PaRappa The Rapper
88%
Ratchet & Clank Ratchet & Clank
88%
LittleBigPlanet Sackboy
88%
Sly Cooper Sly Cooper
88%
Devil May Cry Dante
75%
Uncharted Nathan Drake
75%
Metal Gear Raiden
75%
God Of War (DLC) Zeus
75%
Fat Princess Fat Princess
63%
Tekken Heihachi Mishima
63%
Dead Space (DLC) Isaac Clarke
63%
MediEvil Sir Daniel Fortesque
63%
Ape Escape Spike
63%
Twisted Metal Sweet Tooth
63%
Killzone Colonel Radec
50%
Gravity Rush (DLC) Kat
50%
Heavenly Sword Nariko
50%
Doko Demo Issyo Toro Inoue
50%
Starhawk (DLC) Emmett Graves
38%
No matching quizzes found
Score Distribution
Percent of People with Each Score
Percentile by Number Answered
Your Score History
You have not taken this quiz